000 00887cam a22002415a 4500
001 L160255
008 190603s2019 xxk f 000 0 eng d
020 _a9781138200289
035 _a(Sirsi) u160255
041 0 _aeng
050 0 4 _a696.8
100 1 _aHalliday, Sandy
245 0 0 _aSustainable construction
250 _a2 ed
260 _aLondon
_cRoutledge
_b2019
300 _axi; 466p 28 cm
520 _aLooks at the principles and techniques involved in the design and delivery of practical affordable high quality sustainable buildings with 120 examples of case studies. Examines policy, materials, cost issues, appraisal techniques, environmental design, energy, water, construction processes and urban ecology.
590 _aNTK
651 4 _aENGLAND AND WALES
690 _aSustainability
_96271
690 _aConstruction management
_96230
942 _n0
_2ddc
999 _c116298
_d116298